000 01062nam a2200277 4500
001 0000022904
003 CO-CtgCURN
005 20250329191022.0
007 ta
008 160627s2006 000 0 eng d
020 _a9587017048
040 _aCO-CtgCURN
_bspa
_ccoctgcurn
082 0 _a808.62
_bP649f
100 1 _aPineda Torres, Ana Yamile.
245 1 0 _aFormacion de escritores :
_belaboracion de reseñas /
_cAna Yamile Pineda Torres.
260 _aBogotá :
_bUniversidad Nacional de Colombia,
_c2006.
300 _a169 p.
336 _2rdacontent
337 _2rdamedia
_asin mediacion
_bn
338 _2rdacarrier
_avolumen
_bnc
505 8 _aProceso pedagogico.--Practicas especificas prioritarias.--Estrategias facilitadoras.--Creacion teorica.--La exploracion de campo y el análisis de los registros.--Pedagogia y escritura.--investigación y escritura
650 1 4 _aReseñas de libros
_vTecnicas.
908 _a160627
942 _cBK
_h808.62
_iP649f
_2ddc
999 _c11334
_d11334